000 01173nam1a22002531i 4500
001 rc\155086
005 20240723211851.0
010 _9380
035 _a(NLR Aleph) 005614846
090 _a6446170
_c6446170
100 _a20030307d1991 u |0rusy50 ca
101 0 _arus
102 _aRU
105 _ay |||||||||
200 1 _aМатериаловедение халькогенидных полупроводников
_eТез. докл. третьей всесоюз. науч.-техн. конф. (окт. 1991 г.)
210 _aЧерновцы
_cЧерновиц. малый ун-т
_d1991
215 _d21
300 _aВ надзаг.: АН СССР, М-во высш. и сред. спец. образования УССР, Науч. советы АН СССР "Физ.-хим. основы полупроводникового материаловедения" и "Люминесценция и развитие ее применения в нар. хоз-ве" и др.
320 _aБиблиогр. в конце докл.
712 0 1 _aАН СССР
801 0 _aRU
_bNLR
_gpsbo
801 1 _aRU
_bELAR
_2rusmarc
852 _aNLR
_j91-3/12273
942 _cBOOK